Johann Caspar Bluntschli: Leben, Zeitgeschehen und Kirchenpolitik 1808 - 1881
| Main Author: | |
|---|---|
| Format: | Print Book |
| Language: | German |
| Subito Delivery Service: | Order now. |
| Check availability: | HBZ Gateway |
| WorldCat: | WorldCat |
| Interlibrary Loan: | Interlibrary Loan for the Fachinformationsdienste (Specialized Information Services in Germany) |
| Published: |
Frankfurt am Main Berlin Bern Wien [u.a.]
Lang
2009
|
| In: |
Schriften zum Staatskirchenrecht (46)
Year: 2009 |
| Series/Journal: | Schriften zum Staatskirchenrecht
46 |
| Standardized Subjects / Keyword chains: | B
Bluntschli, Johann Caspar 1808-1881
B Bluntschli, Johann Caspar 1808-1881 / Protestantism / Church politics (motif) / State law of churches |
| Further subjects: | B
Deutscher Protestantenverein
History 19th century
B Germany Church history 19th century B Biography B Liberalism (Religion) (Germany) History 19th century B Image B Thesis B Bluntschli, Johann Caspar (1808-1881) |
| Online Access: |
Table of Contents |
MARC
| LEADER | 00000cam a2200000 c 4500 | ||
|---|---|---|---|
| 001 | 609417975 | ||
| 003 | DE-627 | ||
| 005 | 20251223221937.0 | ||
| 007 | tu | ||
| 008 | 090923s2009 gw ||||| m 00| ||ger c | ||
| 010 | |a 2009504480 | ||
| 015 | |a 09,N40,0191 |2 dnb | ||
| 016 | 7 | |a 996779868 |2 DE-101 | |
| 020 | |a 9783631596791 |c GB. : EUR 41.80 |9 978-3-631-59679-1 | ||
| 035 | |a (DE-627)609417975 | ||
| 035 | |a (DE-576)31177850X | ||
| 035 | |a (DE-599)DNB996779868 | ||
| 035 | |a (OCoLC)551939115 | ||
| 035 | |a (OCoLC)496271439 | ||
| 040 | |a DE-627 |b ger |c DE-627 |e rakwb | ||
| 041 | |a ger | ||
| 044 | |c XA-DE-HE |c XA-CH |c XA-BE | ||
| 050 | 0 | |a KK185.B582 | |
| 082 | 0 | |a 284.092 |q BSZ | |
| 082 | 0 | 4 | |a 230 |a 340 |a 940 |
| 084 | |a 2 |2 ssgn | ||
| 084 | |a PC 5230 |2 rvk |0 (DE-625)rvk/135092: | ||
| 084 | |a BO 6550 |2 rvk |0 (DE-625)rvk/14756: | ||
| 084 | |a BR 3300 |2 rvk |0 (DE-625)rvk/15840: | ||
| 084 | |a BR 3600 |q BVB |2 rvk |0 (DE-625)rvk/15841: | ||
| 084 | |a BR 8400 |q BVB |2 rvk |0 (DE-625)rvk/16009: | ||
| 084 | |a BO 6535 |q BVB |2 rvk |0 (DE-625)rvk/14754: | ||
| 084 | |a NZ 70030 |q DE-24/20sred |2 rvk |0 (DE-625)rvk/162630: | ||
| 084 | |a 07 |2 bwlb | ||
| 084 | |a 86.97 |2 bkl | ||
| 084 | |a 15.55 |2 bkl | ||
| 090 | |a a | ||
| 100 | 1 | |0 (DE-588)13955548X |0 (DE-627)611831155 |0 (DE-576)311777937 |4 aut |a Metzner, Carolin |d 1983- | |
| 109 | |a Metzner, Carolin 1983- | ||
| 245 | 1 | 0 | |a Johann Caspar Bluntschli |b Leben, Zeitgeschehen und Kirchenpolitik 1808 - 1881 |c Carolin Metzner |
| 264 | 1 | |a Frankfurt am Main |a Berlin |a Bern |a Wien [u.a.] |b Lang |c 2009 | |
| 300 | |a 174 S |b Ill |c 210 mm x 148 mm | ||
| 336 | |a Text |b txt |2 rdacontent | ||
| 337 | |a ohne Hilfsmittel zu benutzen |b n |2 rdamedia | ||
| 338 | |a Band |b nc |2 rdacarrier | ||
| 490 | 1 | |a Schriften zum Staatskirchenrecht |v 46 | |
| 502 | |a Zugl.: Heidelberg, Univ., Diss., 2009 | ||
| 583 | 1 | |a Archivierung/Langzeitarchivierung gewährleistet |f DISS |x XA-DE-BW |2 pdager |5 DE-16 | |
| 600 | 1 | 0 | |a Bluntschli, Johann Caspar |d 1808-1881 |
| 600 | 1 | 7 | |0 (DE-588)118512129 |0 (DE-627)079315364 |0 (DE-576)160332680 |a Bluntschli, Johann Caspar |d 1808-1881 |2 gnd |7 (dpeaa)DE-631 |
| 601 | |a Zeitgeschehen | ||
| 610 | 1 | 0 | |a Deutscher Protestantenverein |x History |y 19th century |
| 650 | 0 | |a Liberalism (Religion) |z Germany |x History |y 19th century | |
| 650 | 0 | 7 | |0 (DE-588)4006627-7 |0 (DE-627)106376888 |0 (DE-576)208866353 |a Bildnis |2 gnd |7 (dpeaa)DE-631 |
| 651 | 0 | |a Germany |x Church history |y 19th century | |
| 655 | 7 | |a Biografie |0 (DE-588)4006804-3 |0 (DE-627)104213493 |0 (DE-576)208867147 |2 gnd-content | |
| 655 | 7 | |a Hochschulschrift |0 (DE-588)4113937-9 |0 (DE-627)105825778 |0 (DE-576)209480580 |2 gnd-content | |
| 689 | 0 | 0 | |d p |0 (DE-588)118512129 |0 (DE-627)079315364 |0 (DE-576)160332680 |2 gnd |a Bluntschli, Johann Caspar |d 1808-1881 |
| 689 | 0 | |5 DE-101 | |
| 689 | 1 | 0 | |d p |0 (DE-588)118512129 |0 (DE-627)079315364 |0 (DE-576)160332680 |2 gnd |a Bluntschli, Johann Caspar |d 1808-1881 |
| 689 | 1 | 1 | |d s |0 (DE-588)4047538-4 |0 (DE-627)106194321 |0 (DE-576)20907387X |2 gnd |a Protestantismus |
| 689 | 1 | 2 | |d s |0 (DE-588)4030745-1 |0 (DE-627)10452300X |0 (DE-576)208988858 |2 gnd |a Kirchenpolitik |
| 689 | 1 | 3 | |d s |0 (DE-588)4056656-0 |0 (DE-627)106154141 |0 (DE-576)209118482 |2 gnd |a Staatskirchenrecht |
| 689 | 1 | |5 DE-101 | |
| 751 | |a Heidelberg |0 (DE-588)4023996-2 |0 (DE-627)106300814 |0 (DE-576)208952578 |4 uvp | ||
| 830 | 0 | |a Schriften zum Staatskirchenrecht |v 46 |9 46 |w (DE-627)371278163 |w (DE-576)088558703 |w (DE-600)2121655-1 |x 1437-3149 |7 am | |
| 856 | 4 | 2 | |u http://d-nb.info/996779868/04 |m B:DE-101 |q application/pdf |v 20130501 |x Verlag |3 Inhaltsverzeichnis |7 1 |
| 935 | |a mteo |a BWLB | ||
| 935 | |i sf | ||
| 935 | |i Blocktest | ||
| 936 | r | v | |a PC 5230 |b Biografien einzelner Juristen, Briefwechsel |k Rechtswissenschaft |k Allgemeines zum juristischen Studium und zur Rechtswissenschaft |k Biografien und Autobiografien |k Biografien einzelner Juristen, Briefwechsel |0 (DE-627)1270706470 |0 (DE-625)rvk/135092: |0 (DE-576)200706470 |
| 936 | r | v | |a BO 6550 |b Personen |k Theologie und Religionswissenschaften |k Patrologie und Kirchengeschichte |k Kirchengeschichte nach Perioden |k Von der Französischen Revolution bis Pius XII. (1789-1958) |k Darstellungen |k Personen |0 (DE-627)1270651528 |0 (DE-625)rvk/14756: |0 (DE-576)200651528 |
| 936 | r | v | |a BR 3300 |b Personenbezogen |k Theologie und Religionswissenschaften |k Kirchenrecht |k Kirchliche Rechtsgeschichte |k Einzeldarstellungen |k Personenbezogen |0 (DE-627)1373136464 |0 (DE-625)rvk/15840: |0 (DE-576)303136464 |
| 936 | r | v | |a BR 3600 |b Sachbezogen |k Theologie und Religionswissenschaften |k Kirchenrecht |k Kirchliche Rechtsgeschichte |k Einzeldarstellungen |k Sachbezogen |0 (DE-627)1270705377 |0 (DE-625)rvk/15841: |0 (DE-576)200705377 |
| 936 | r | v | |a BR 8400 |b Ausländisches Staatskirchenrecht |k Theologie und Religionswissenschaften |k Kirchenrecht |k Staat und Kirche |k Staatskirchenrecht |k Ausländisches Staatskirchenrecht |0 (DE-627)1270755080 |0 (DE-625)rvk/16009: |0 (DE-576)200755080 |
| 936 | r | v | |a BO 6535 |b Einzelthemen |k Theologie und Religionswissenschaften |k Patrologie und Kirchengeschichte |k Kirchengeschichte nach Perioden |k Von der Französischen Revolution bis Pius XII. (1789-1958) |k Darstellungen |k Protestantismus |k Einzelthemen |0 (DE-627)1270683241 |0 (DE-625)rvk/14754: |0 (DE-576)200683241 |
| 936 | r | v | |a NZ 70030 |b Einzelbiografien |k Geschichte |k Regionale Landeskunde |k Baden-Württemberg |k Landesgeschichte allgemein |k Einzelbiografien |0 (DE-627)1685783007 |0 (DE-625)rvk/162630: |
| 936 | b | k | |a 86.97 |j Kirchenrecht |0 (DE-627)106422464 |
| 936 | b | k | |a 15.55 |j Baden-Württemberg |x Geschichte |q coli-conc RVK->BK |q https://coli-conc.gbv.de/api/mappings/58b6b720-6ba5-4068-ac06-4bb36eb8c635 |0 (DE-627)181571617 |
| 951 | |a BO | ||
| CAN | |a 1 | ||
| ELC | |b 1 | ||
| ORI | |a SA-MARC-ixtheo_oa001.raw | ||
| REL | |a 1 | ||
| STA | 0 | 0 | |a Church politics (motif),Church policy,Confessional policy,Religious policy,Image,Portrait,Protestantism,Protestantism,State law of churches |
| STB | 0 | 0 | |a Législation religieuse,Politique ecclésiale (motif),Politique religieuse,Politique religieuse,Politique ecclésiale,Portrait,Protestantisme,Protestantisme |
| STC | 0 | 0 | |a Legislación sobre la Iglesia nacional,Política eclesiástica,Protestantismo,Protestantismo,Retrato |
| STD | 0 | 0 | |a Diritto in materia di chiesa di stato,Politica ecclesiastica,Protestantesimo,Protestantesimo,Ritratto |
| STE | 0 | 0 | |a 国家教会法,基督新教,基督新教,抗罗宗,更正教,抗罗宗,更正教,教会政策,肖像 |
| STF | 0 | 0 | |a 國家教會法,基督新教,基督新教,抗羅宗,更正教,抗羅宗,更正教,教會政策,肖像 |
| STG | 0 | 0 | |a Legislação sobre a Igreja nacional,Política eclesiástica,Protestantismo,Protestantismo,Retrato |
| STH | 0 | 0 | |a Портрет,Протестантизм,Протестантизм,Протестантство,Протестантство (мотив),Церковная политика,Церковно-государственное право |
| STI | 0 | 0 | |a Δημόσιο εκκλησιαστικό δίκαιο,Πολιτική της Εκκλησίας,Εκκλησιαστική πολιτική,Προσωπογραφία,Πορτρέτο,Προτεσταντισμός (μοτίβο),Προτεσταντισμός |
| SUB | |a CAN |a REL | ||
| SYA | 0 | 0 | |a Bluntschli, Johann Casp.,1808-1881,Bluntschli, Johann C.,1808-1881,Bluntschli, Johannes Caspar,1808-1881,Bluntschli, Joh. Casp.,1808-1881,Bluntschli, Joh. C.,1808-1881,Bluntschli, J.-C.,1808-1881,Bluntschli, J. C.,1808-1881,Bluntschli, J.C.,1808-1881,Bluntschli, Johann Kaspar,1808-1881,Bluntschli, Johannes Kaspar,1808-1881,Bluntschli, J.-K.,1808-1881,Bluntschli, J. K.,1808-1881,Bluntschli, J.K.,1808-1881,Bluntschli,1808-1881,Bljunčli, I. K.,1808-1881,Bolunzhili,1808-1881,Bo lun zhi li,1808-1881,Buruntschuri, I.Ka.,1808-1881 , Bluntschli, Johann Casp.,1808-1881,Bluntschli, Johann C.,1808-1881,Bluntschli, Johannes Caspar,1808-1881,Bluntschli, Joh. Casp.,1808-1881,Bluntschli, Joh. C.,1808-1881,Bluntschli, J.-C.,1808-1881,Bluntschli, J. C.,1808-1881,Bluntschli, J.C.,1808-1881,Bluntschli, Johann Kaspar,1808-1881,Bluntschli, Johannes Kaspar,1808-1881,Bluntschli, J.-K.,1808-1881,Bluntschli, J. K.,1808-1881,Bluntschli, J.K.,1808-1881,Bluntschli,1808-1881,Bljunčli, I. K.,1808-1881,Bolunzhili,1808-1881,Bo lun zhi li,1808-1881,Buruntschuri, I.Ka.,1808-1881 |
| SYB | 0 | 0 | |a Deutscher Protestantenverein,Berliner Central-Ausschuß,Deutscher Protestantenverein,Ausschuß,Allgemeiner Deutscher Protestantenverein,Deutscher Protestanten-Verein,Protestantenverein |
| SYE | 0 | 0 | |a Porträt,Portrait |
| SYG | 0 | 0 | |a Bluntschli, Johann Casp.,1808-1881,Bluntschli, Johann C.,1808-1881,Bluntschli, Johannes Caspar,1808-1881,Bluntschli, Joh. Casp.,1808-1881,Bluntschli, Joh. C.,1808-1881,Bluntschli, J.-C.,1808-1881,Bluntschli, J. C.,1808-1881,Bluntschli, J.C.,1808-1881,Bluntschli, Johann Kaspar,1808-1881,Bluntschli, Johannes Kaspar,1808-1881,Bluntschli, J.-K.,1808-1881,Bluntschli, J. K.,1808-1881,Bluntschli, J.K.,1808-1881,Bluntschli,1808-1881,Bljunčli, I. K.,1808-1881,Bolunzhili,1808-1881,Bo lun zhi li,1808-1881,Buruntschuri, I.Ka.,1808-1881 , Bluntschli, Johann Casp.,1808-1881,Bluntschli, Johann C.,1808-1881,Bluntschli, Johannes Caspar,1808-1881,Bluntschli, Joh. Casp.,1808-1881,Bluntschli, Joh. C.,1808-1881,Bluntschli, J.-C.,1808-1881,Bluntschli, J. C.,1808-1881,Bluntschli, J.C.,1808-1881,Bluntschli, Johann Kaspar,1808-1881,Bluntschli, Johannes Kaspar,1808-1881,Bluntschli, J.-K.,1808-1881,Bluntschli, J. K.,1808-1881,Bluntschli, J.K.,1808-1881,Bluntschli,1808-1881,Bljunčli, I. K.,1808-1881,Bolunzhili,1808-1881,Bo lun zhi li,1808-1881,Buruntschuri, I.Ka.,1808-1881 , Protestantism,Calvinismus,Evangelicalism,Evangelismus,Hugenotten,Lutheraner,Mennoniten,Pietismus,Puritans , Konfessionspolitik , Staat,Religionsverfassungsrecht |



